MRCOG part 2: (Record no. 20914)
[ view plain ]
| 000 -LEADER | |
|---|---|
| fixed length control field | 00935cam a2200253 u 4500 |
| 005 - DATE AND TIME OF LATEST TRANSACTION | |
| control field | 20041208034837.0 |
| 008 - FIXED-LENGTH DATA ELEMENTS--GENERAL INFORMATION | |
| fixed length control field | 790814r1979 caua b 000 0 eng |
| 010 ## - LCCN (DPL NO) | |
| LC control number | ENG-92480 |
| 020 ## - INTERNATIONAL STANDARD BOOK NUMBER | |
| International Standard Book Number | 9788125033608 |
| Terms of availability | 395.00 |
| 020 ## - INTERNATIONAL STANDARD BOOK NUMBER | |
| International Standard Book Number | 8125033602 |
| Terms of availability | 395.00 |
| 035 ## - SYSTEM CONTROL NUMBER | |
| System control number | EN-76013 |
| 037 ## - SOURCE OF ACQUISITION | |
| Source of stock number/acquisition | DBAD / PUB |
| 040 ## - CATALOGING SOURCE | |
| Original cataloging agency | dpl |
| Language of cataloging | English |
| 082 ## - DEWEY DECIMAL CLASSIFICATION NUMBER | |
| Classification number | 618.076 |
| 100 ## - MAIN ENTRY--PERSONAL NAME | |
| Personal name | Reddy, Pranathi |
| 245 ## - TITLE STATEMENT | |
| Title | MRCOG part 2: |
| Statement of responsibility, etc | by Pranathi Reddy [and] Uma Ram |
| Remainder of title | a structured approach / |
| 260 ## - PUBLICATION, DISTRIBUTION, ETC. (IMPRINT) | |
| Place of publication, distribution, etc | Chennai |
| Name of publisher, distributor, etc | Orient Longman |
| Date of publication, distribution, etc | 2008 |
| 300 ## - PHYSICAL DESCRIPTION | |
| Extent | 274p. |
| Dimensions | 22 cm (pbk) |
| Accompanying material | 1 CD-ROM |
| 650 ## - SUBJECT ADDED ENTRY--TOPICAL TERM | |
| Topical term or geographic name as entry element | Obstetrics |
| Form subdivision | Examinations, questions, etc. |
| 650 ## - SUBJECT ADDED ENTRY--TOPICAL TERM | |
| Topical term or geographic name as entry element | Gynecology |
| Form subdivision | Examinations, questions, etc. |
| 700 ## - ADDED ENTRY--PERSONAL NAME | |
| Personal name | Ram, Uma |
| 942 ## - ADDED ENTRY ELEMENTS (KOHA) | |
| Source of classification or shelving scheme | Dewey Decimal Classification |
| Item type | English Books |
| Call number suffix | RED |
| Classification part | 618.076 |
| Withdrawn status | Lost status | Source of classification or shelving scheme | Damaged status | Not for loan | Collection code | Home library | Current library | Date acquired | Source of acquisition | Cost, normal purchase price | Total Checkouts | Full call number | Barcode | Date last seen | Copy number | Cost, replacement price | Koha item type |
|---|---|---|---|---|---|---|---|---|---|---|---|---|---|---|---|---|---|
| Dewey Decimal Classification | Not For Loan | Non-fiction | D.B.Act.Division | D.B.Act.Division | 12/01/2009 | DBAD / PUB | 395.00 | 618.076 RED | EN-76013 | 12/01/2009 | 1 | 395.00 | English Books |
